• 首页
  • 本馆介绍
  • 公告通知
  • 最新文献
  • 馆藏检索
  • 电子资源
  • 读者导购
  • 参考咨询
  • 我的图书馆
  • 登录
  • 详细信息显示
  • 放入我的书架
  • 预约/预借图书
  • 作者相关作品
  • 分类相关作品
  • 丛书相关作品
  • 出版社相关作品

书目信息

  • 表格格式
  • 工作单格式
  • 卡片格式
题名:
食物中的有害物质
    
 
作者: 高鹤娟 编写
分册:  
出版信息: 北京   化学工业出版社  2000.05
页数: 87页
开本: 32开
丛书名: 生活环境中有害因素防护丛书
单 册:
中图分类: TS201.6
科图分类:
主题词: 食品--有害物质--基本知识
电子资源:
ISBN: 7-5025-2795-8
000 00666nam0 2200217 45
001 0111191662
005 20031219104051.6
010    @a7-5025-2795-8@dCNY6.50
100    @a20011119d2000 km y0chiy0120 ea
101 0  @achi
105    @a z 000yy
200 1  @a食物中的有害物质@AShi Wu Zhong De You Hai Wu Zhi@f高鹤娟等编写@FGao HeJuan Deng Bian Xie
210    @a北京@c化学工业出版社@d2000.05
215    @a87页@d32开
225    @a生活环境中有害因素防护丛书
410    @12001 @a生活环境中有害因素防护丛书
606 0  @a食品@x有害物质@x基本知识
690    @aTS201.6@v4
701    @a高鹤娟@4编写
801    @aCN@bTSTC@c20011119
905    @f6@b300989-994@dTS201.6@e23
    
    食物中的有害物质/高鹤娟等编写.-北京:化学工业出版社,2000.05
    87页;32开.-(生活环境中有害因素防护丛书)
    
    
    ISBN 7-5025-2795-8:CNY6.50
    
●
相关链接 在E读中查询图书 在五车中查询图书 在当当中查询图书 在豆瓣中查询图书


正题名:食物中的有害物质     索取号:TS201.6/23         预约/预借

序号 登录号 条形码 馆藏地/架位号 状态 备注
1 0300989   203009895   第三借阅区/ [索取号:TS201.6/23] 在馆    
2 0300990   203009902   第三借阅区/ [索取号:TS201.6/23] 在馆    
3 0300991   203009911   第三借阅区/ [索取号:TS201.6/23] 在馆    
4 0300992   203009920   第三借阅区/ [索取号:TS201.6/23] 在馆    
5 0300993   203009939   第三借阅区/ [索取号:TS201.6/23] 在馆    
6 0300994   203009948   第二样本阅览室/ [索取号:TS201.6/23] 在馆    
唐山师范学院图书馆 欢迎您!
大连网信软件有限公司© 版权所有